Battle for the planet

Bibliographic Details
Main Author: Singer, Andre
Format: Book
Published: London : Pan Books , 1987
Subjects:

MARC

LEADER 00000cam a2200000 7i4500
001 0000001049
002 000001160
005 20000330.0
020 |a 0330298917 
090 0 0 |a 304.2   |b SIN 
100 1 |a Singer, Andre 
245 1 0 |a Battle for the planet   |c Andre Singer ; illustrated by Tony Duncan-Smith 
260 |a London :   |b Pan Books ,   |c 1987 
300 |a 114p. ;   |c 28cm. 
650 0 0 |a Environmental sciences 
650 0 0 |a Nature   |x Effect of human being on 
650 0 0 |a Sustainable development 
999 |a 030173   |b BUKU   |c PINJAMAN   |e PERPUSTAKAAN KOMUNITI PETALING JAYA